000 00487nam a2200181Ia 4500
001 9347
003 IN-NITTTR
005 20251114233046.0
008 251113s9999||||xx |||||||||||||| ||eng||
040 _beng
040 _cIN-NITTTR
041 _aeng
082 _a658.4 K837M
100 _aKoontz, Harold
245 0 _aManagement :
_b a systems and contingency analysis of managerial functions. /
_cKoontz, Harold, O'Donnel, Cyril
700 _a O'Donnel, Cyril
942 _2ddc
_cBK
999 _c11984
_d11984